00681 2200253 4500001002100000008004100021035002000062245009100082100001700173250001000190260004500200300002000245020002200265084002000287082001400307650002000321990001300341990001200354990001300366990001200379990001200391990001200403990001200415INLIS000000000015787 ind  a0010-0323000235 aYou And Me And Never UsbCouple or TroublecAde Aprilia; copy editor, Arasy Nurjatmika aADE, Aprilia acet.1 aJakarta :bGramedia Pustaka Utama,c2019 a361 hal.c20 cm a978-602-06-2075-6 a899.221 3 ADE y a899.221 3 aFIKSI INDONESIA a10517 .a a10517 b a10517 .c a10517 d a10517 e a10517 f a10517 g